00454nam a2200169Ia 4500003000400000005001700004008004100021020001500062040000900077082001900086100002000105245004400125250001200169260005100181300000900232650004300241OSt20220723131046.0190216s9999||||xx |||||||||||||| ||und|| a0074604015 coclc a005.133bBAL/P aBalagurusamy, E 0aProgramming In Ansi C /cE Balagurusamy a2nd Ed. bTata Mcgrawhill Publishers,c2000.aNew Delhi: a411p a"Computer Programming. Programs, Data"